| 000 | 01685nam a2200265Ia 4500 | ||
|---|---|---|---|
| 003 | Ost | ||
| 005 | 20260507075241.0 | ||
| 008 | 260507s9999||||xx |||||||||||||| ||und|| | ||
| 020 | _a1995745299 | ||
| 040 | _cfsecg | ||
| 041 | _aara | ||
| 082 | _a330 | ||
| 100 |
_aوديان، لؤي محمد عبد الرحمان _eمؤلف |
||
| 245 | 0 |
_aالمحاسبة الحكومية / _c لؤي محمد عبد الرحمان وديان |
|
| 260 |
_aعمان: _bدار البداية, _c2010 |
||
| 300 |
_a334 صفحة؛ _bإيضاحات ؛ _c24 سم |
||
| 504 | _aمراجع ص.329 | ||
| 520 | _aالاطار الفكري للمحاسبة الحكومية ، الموازنة العامة للدولة ، الرقابة المالية العامة، السياسات المالية النقدية و الاستقرار الاقتصادي ، إعداد الموازنة العامة في المملكة الأردنية الهاشمية ، الأساليب الحديثة لإعداد الموازنة العامة ، النظام المحاسبي الحكومي في ضوء التشريعات الأردنية ، المعالجة المحاسبية للإيرادات و المقبوضات الأخرى ، المحاسبة الختامية في الوحدات الحكومية ، العلاقة بين المحاسبة القومية و الاقتصاد ، المنظمات الدولية و المحاسبة الحكومية . | ||
| 653 | _aالمالية | ||
| 653 | _aالمحاسبة | ||
| 653 | _aالمحاسبة الحكومية | ||
| 653 | _aتدقيق الحسابات الحكومية | ||
| 700 |
_aالحدرب، زهير _eمؤلف ثانوي |
||
| 942 | _cكتاب | ||
| 999 |
_c43622 _d43622 |
||